000 00321nam a2200133 i 4500
001 bg
100 1 _aWOLAŃSKI, Napoleon
245 0 _aRozwój biologiczny człowieka /
_cNapoleon Wolański.
260 _aWarszawa,
_c1979.
040 _cBPK
041 _apol
942 _cKS
008 s pl f |000 0 pol
999 _c19061
_d19061
856 _uhttp://koha.tu.koszalin.pl/cgi-bin/koha/opac-detail.pl?biblionumber=19061
_yKatalog online BPK